| 000 | 01513cam a2200277M 4500 | ||
|---|---|---|---|
| 001 | 51355 | ||
| 005 | 20230410101628.0 | ||
| 008 | 751223s1950 mx 000 0 spa | ||
| 050 | 1 | 4 |
_a110 D 16.4 _bP935e 1950 |
| 100 | 1 | _aPressoir, Catts | |
| 245 | 1 | 2 |
_aL'enseignement de l'historie en Haiti / _cpar Catts Pressoir. |
| 260 |
_aMexico : _bInstituto Panamericano de Geografia e Historia. Comisión de Historia, _c1950. |
||
| 300 |
_axiii, 83 p. _c25 cm. |
||
| 490 | 1 | _aInstituto Panamericano de Geografia e Historia. Comisión de Historia. [Publicacion] 16, Memorias sobre la enseñanza de la historia, 3 | |
| 500 | _aInstituto Panamericano de Geografia e Historia. Publicación no. 102. | ||
| 650 | 0 |
_aHistory _xStudy and teaching. |
|
| 651 | 0 |
_aHaiti _xHistory _xStudy and teaching. |
|
| 650 | 4 | _aCEH | |
| 650 | 4 | _aColección Estudios Haitianos | |
| 830 | 0 |
_aPublicación (Pan American Institute of Geography and History). _pInstituto Panamericano de Geografía e Historia, Comisión de Historia (Series) ; _v16 |
|
| 810 | 2 |
_aPan American Institute of Geography and History. _bComisión de Historia. _tMemorias sobre la enseänanza de la historia ; _v3. |
|
| 830 | 0 |
_aPublicación (Pan American Institute of Geography and History) ; _vno. 102. |
|
| 830 | 0 |
_aPublicación (Pan American Institute of Geography and History). _pInstituto Panamericano de Geografía e Historia, Comisión de Historia (Series) ; _v16. Memorias sobre la ensenanza de la historia ; 3 |
|
| 942 |
_2lcc _cbk |
||
| 994 |
_aC0 _bDRFGD |
||
| 999 |
_c11230 _d11230 |
||